Estudio comparativo de regimenes tributarios aplicados a la inversión extranjera en paises seleccionados :el cobre como caso particular
Saved in:
| Hovedforfatter: | |
|---|---|
| Format: | Bog |
| Sprog: | spansk |
| Udgivet: |
Santiago
Universidad de Chile, Instituto de Estudios Internacionales
1980
|
| Serier: | Serie de Publicaciones Especiales, 42
|
| Fag: | |
| Tags: |
Tilføj Tag
Ingen Tags, Vær først til at tagge denne postø!
|
MARC
| LEADER | 00000nam a2200000 a 4500 | ||
|---|---|---|---|
| 001 | UCV0608 | ||
| 003 | CL-VaPUC | ||
| 008 | 881213e19800000CL |||||||||||||||||spa|d | ||
| 082 | 0 | 4 | |a 341.752 |b BRA |2 21 |
| 100 | 0 | |a Bravo Yuraszeck, Sergio |e author |9 295078 | |
| 245 | 1 | 0 | |a Estudio comparativo de regimenes tributarios aplicados a la inversión extranjera en paises seleccionados :el cobre como caso particular |
| 300 | |a 28 p | ||
| 942 | |c BK | ||
| 945 | |d 19881213 00:00:00 | ||
| 260 | |a Santiago |b Universidad de Chile, Instituto de Estudios Internacionales |c 1980 | ||
| 650 | 0 | |a Impuestos |9 255450 | |
| 650 | 0 | |a Inversiones extranjeras |9 255451 | |
| 583 | |a last modification |c 19881213 00:00:00 |k Rodrigo Vera | ||
| 490 | 0 | |a Serie de Publicaciones Especiales, 42 | |
| 999 | |c 208987 |d 208985 | ||
| 952 | |0 0 |1 0 |2 ddc |4 0 |6 341_752000000000000_BRA_1980 |7 0 |8 A |9 184051 |a BIBDER |b BIBDER |d 2019-11-14 |i 2510383 |o 341.752 BRA 1980 |p 2510383 |r 2023-01-25 |w 2019-11-14 |y MX |k DER | ||